THE INTENSITY OF THE TRANSPIRATION FLOW IN THE TRUNK OF QUERCUS CERRIS

Bibliographic Details
Main Authors: Huzulák, Jozef (Author), Eliáš, Pavol, 1949- (Author)
Other Authors: Wohland, M. (Translator)
Format: Article
Language:English

MARC

LEADER 00000nab a2200000uu 4500
001 vtls011440936
003 SK-MaSNL
005 20260303123326.0
008 230213|1976 xo |||||||||||||||||eng|
015 |a SNBRB 
035 |a (urnnbn)urn:nbn:sk:snk:ar-002zn4 
035 |a (uuid)a90c5632-0ff6-43e8-a974-a583b8110b41 
035 |a urn:nbn:sk:snk-abcfan 
040 |a SNKBUCL  |b slo  |c SNKBUCL  |e AACR2 
041 0 |a eng 
044 |a xo  |c SK 
100 1 |a Huzulák, Jozef  |4 aut  |9 5554 
245 1 0 |a THE INTENSITY OF THE TRANSPIRATION FLOW IN THE TRUNK OF QUERCUS CERRIS  |c Jozef Huzulák, Pavol Eliáš, M. Wohland 
700 1 |a Eliáš, Pavol,  |d 1949-  |4 aut  |9 36947 
700 1 |a Wohland, M.  |4 trl  |9 1138753 
773 0 |t Biológia : časopis Slovenskej akadémie vied  |g Roč. 31, č. 7 (1976), s. 537-543 
954 |a odborná, vedecká literatúra pôvodná (slovenská)  |2 lita 
958 |a OND 
958 |a EUIPO 
958 |a article16 
999 |c 1925229  |d 1927159